Statistics for Towns and cities: guess the region (3)

Click here to take the quiz!

General Stats

  • This quiz has been taken 8 times
  • The average score is 9 of 20

Answer Stats

HintAnswer% Correct
Xi'anShaanxi
100%
TijuanaBaja California
60%
El RealDarién
60%
MoldeMøre og Romsdal
60%
Novy UrengoyYamalo-Nenets Autonomous Okrug
60%
MkhchyanArarat
40%
QuettaBalochistan
40%
PakxanBolikhamxai
40%
TsiroanomandidyBongolava faritra
40%
MugongomangaBujumbura Rural
40%
OntarioCalifornia
40%
PeshkopiDibër
40%
East LondonEastern Cape
40%
CopenhagenHovedstaden
40%
SrinagarJammu and Kashmir
40%
LondonOntario
40%
NamhsanPa Laung Self-Administered Zone
40%
QuelimaneZambezia
40%
CaliforniaFalkirk
20%
ColeraineLondonderry
20%

Score Distribution

Percentile by Number Answered

Percent of People with Each Score

Your Score History

You have not taken this quiz